|
|
|
|
| LEADER |
01302nam a2200301 a 4500 |
| 001 |
159 |
| 003 |
BD-DhAAL |
| 005 |
20150428103145.0 |
| 008 |
150428s1992 caua b 001 0 eng |
| 010 |
|
|
|a 91044983
|
| 020 |
|
|
|a 1558151435 (paper)
|
| 040 |
|
|
|a DLC
|c DLC
|d DLC
|d BD-DhAAL
|
| 050 |
0 |
0 |
|a HC125
|b .E44 1992
|
| 082 |
0 |
0 |
|a 338.9
|2 20
|
| 100 |
1 |
|
|a Elías, Víctor Jorge.
|9 10811
|
| 245 |
1 |
0 |
|a Sources of growth :
|b a study of seven Latin American economies /
|c Victor J. Elías.
|
| 260 |
|
|
|a San Francisco, Calif. :
|b ICS Press :
|a Lanham, Md. :
|b Distributed to the trade by National Book Network,
|c c1992.
|
| 300 |
|
|
|a xx, 254 p. :
|b ill. ;
|c 23 cm.
|
| 500 |
|
|
|a "A joint research project of the Fundación del Tucumán and the International Center for Economic Growth."
|
| 504 |
|
|
|a Includes bibliographical references (p. 233-244) and index.
|
| 541 |
|
|
|e 159
|
| 650 |
|
0 |
|a Industrial productivity
|z Latin America.
|9 10812
|
| 650 |
|
0 |
|a Economic development.
|9 10813
|
| 651 |
|
0 |
|a Latin America
|x Economic conditions
|y 1945-
|9 10814
|
| 651 |
|
0 |
|a Latin America
|x Economic policy.
|9 8575
|
| 942 |
|
|
|2 ddc
|c BK
|
| 999 |
|
|
|c 34336
|d 34336
|
| 952 |
|
|
|0 0
|1 0
|2 ddc
|4 0
|6 338_900000000000000_ELI
|7 0
|9 53602
|a SCL
|b SCL
|c GEN
|d 2015-04-28
|e Gift: The Asia Foundation
|l 0
|o 338.9 ELI
|p 3020000159
|r 2015-04-28
|t 1
|w 2015-04-28
|y BK
|